Представление документа в формате MARC21

Поле Инд. ПП Название Значение
Тип записи m
Библиографический уровень m
001 Контрольный номер RU/LIBMSTU/321617235
005 Дата корректировки 20230201105057.3
008 Кодируемые данные 091025|||||||||ru||||||||||||||||||rus||
040 b Код языка каталог. rus
e Правила каталог. PSBO
041 0_ a Код языка текста rus
084 a Индекс другой классификации/Индекс ББК 28.072
245 10 a Заглавие Биохимия
b Продолж. заглавия метод. указания к самостоят. работе по дисциплине "Биохимия" для студентов специальности 020209.65 "Микробиология" оч. формы обучения
c Ответственность Федер. агентство по рыболовству, Мурман. гос. техн. ун-т, Каф. биохимии ; сост. С. И. Овчинникова, Т. А. Широкая
h Физич. носитель Электронный ресурс
256 a Характеристики компьютерного файла Электрон. текстовые дан. (1 файл : 311 Кб)
260 a Место издания Мурманск
b Издательство Изд-во МГТУ
c Дата издания 2009
500 10 a Примечание Доступ из локальной сети Мурман. гос. техн. ун-та
500 10 a Примечание Загл. с экрана
583 x Служебное примечание Полнотекстовые документы
x Служебное примечание Труды преподавателей МГТУ
z Открытое примечание 020000
z Открытое примечание 06.00.00
653 1_ a Ключевые слова Биомолекулы
a Ключевые слова Биохимия
a Ключевые слова Методические указания
a Ключевые слова Труды преподавателей МГТУ
a Ключевые слова Электронные версии
856 0_ u URL https://elib.mauniver.ru/2009/M_09_92.pdf
901 t Тип документа m
952 c Вид литературы учебно-методическое издание